[Event "45th FIDE Chess Olympiad Open"]
[Site "Budapest, Hungary"]
[Date "2024.09.20"]
[Round "9"]
[White "Drayton, Anthony"]
[Black "Mehrad, Ahmad Tamim"]
[Result "0-1"]
[Board "265"]
[WhiteFideId "19700261"]
[BlackFideId "11700491"]
[WhiteTitle "FM"]
[BlackTitle "CM"]
[WhiteElo "1964"]
[BlackElo "2015"]
[WhiteTeam "Guyana"]
[BlackTeam "Afghanistan"]
[WhiteClock "1:24:13"]
[BlackClock "0:54:56"]
[Variant "Standard"]

1. d4 {[%clk 1:30:55]}  d5 {[%clk 1:30:54]} 2. c4 {[%clk 1:31:19]}  e6 {[%clk 1:31:15]} 3. Nc3 {[%clk 1:31:43]}  Nf6 {[%clk 1:31:20]} 4. Bg5 {[%clk 1:31:59]}  Be7 {[%clk 1:31:22]} 5. e3 {[%clk 1:32:17]}  O-O {[%clk 1:31:14]} 6. Nf3 {[%clk 1:32:36]}  Nbd7 {[%clk 1:30:50]} 7. Bd3 {[%clk 1:32:35]}  c6 {[%clk 1:30:45]} 8. O-O {[%clk 1:32:53]}  h6 {[%clk 1:30:39]} 9. Bh4 {[%clk 1:33:16]}  Ne8 {[%clk 1:27:57]} 10. Bg3 {[%clk 1:31:16]}  f5 {[%clk 1:28:09]} 11. Ne5 {[%clk 1:31:16]}  Nxe5 {[%clk 1:28:21]} 12. Bxe5 {[%clk 1:31:32]}  Nd6 {[%clk 1:26:06]} 13. Bxd6 {[%clk 1:31:35]}  Bxd6 {[%clk 1:26:23]} 14. c5 {[%clk 1:31:58]}  Bc7 {[%clk 1:26:22]} 15. f4 {[%clk 1:32:22]}  b6 {[%clk 1:24:05]} 16. b4 {[%clk 1:32:44]}  a5 {[%clk 1:23:58]} 17. a3 {[%clk 1:33:08]}  bxc5 {[%clk 1:22:48]} 18. bxc5 {[%clk 1:33:28]}  Bd7 {[%clk 1:22:40]} 19. Kh1 {[%clk 1:33:49]}  g5 {[%clk 1:18:13]} 20. g3 {[%clk 1:31:56]}  Qf6 {[%clk 1:16:10]} 21. Rb1 {[%clk 1:32:08]}  Ra7 {[%clk 1:15:36]} 22. Rb2 {[%clk 1:31:53]}  Be8 {[%clk 1:14:42]} 23. Qe2 {[%clk 1:32:01]}  Rf7 {[%clk 1:13:09]} 24. Rfb1 {[%clk 1:32:15]}  Bd8 {[%clk 1:13:02]} 25. Rb8 {[%clk 1:32:26]}  Rg7 {[%clk 1:06:22]} 26. Na4 {[%clk 1:32:21]}  Kh7 {[%clk 1:05:33]} 27. Nb6 {[%clk 1:31:18]}  Bg6 {[%clk 0:57:54]} 28. Nc8 {[%clk 1:31:19]}  Rad7 {[%clk 0:57:47]} 29. Ra8 {[%clk 1:29:14]}  gxf4 {[%clk 0:56:08]} 30. gxf4 {[%clk 1:29:33]}  Qh4 {[%clk 0:55:50]} 31. Qe1 {[%clk 1:27:39]}  Bh5 {[%clk 0:55:23]} 32. Be2 {[%clk 1:27:07]}  Qh3 {[%clk 0:54:49]} 33. Qf1 {[%clk 1:22:02]}  Qxf1+ {[%clk 0:54:59]} 34. Rxf1 {[%clk 1:22:21]}  Bxe2 {[%clk 0:55:23]} 35. Rf2 {[%clk 1:22:43]}  Bd3 {[%clk 0:54:56]} 36. h3 {[%clk 1:22:53]}  Bh4 {[%clk 0:53:56]} 37. Rb2 {[%clk 1:23:17]}  Be4+ {[%clk 0:53:58]} 38. Kh2 {[%clk 1:23:39]}  Bg3+ {[%clk 0:54:14]} 39. Kg1 {[%clk 1:23:55]}  Bxf4+ {[%clk 0:54:31]} 40. Kf1 {[%clk 1:24:09]}  Bxe3 {[%clk 0:54:39]} 41. Rbb8 {[%clk 1:24:13]}  Bd3+ {[%clk 0:54:56]} 0-1

[Event "45th FIDE Chess Olympiad Open"]
[Site "Budapest, Hungary"]
[Date "2024.09.20"]
[Round "9"]
[White "Haidary, Hameedullah"]
[Black "Nathoo, Loris"]
[Result "1-0"]
[Board "266"]
[WhiteFideId "11700840"]
[BlackFideId "19700083"]
[WhiteElo "2192"]
[BlackElo "1788"]
[WhiteTeam "Afghanistan"]
[BlackTeam "Guyana"]
[WhiteClock "0:25:41"]
[BlackClock "0:07:12"]
[Variant "Standard"]

1. e4 {[%clk 1:30:23]}  c5 {[%clk 1:30:42]} 2. c3 {[%clk 1:30:37]}  Nf6 {[%clk 1:31:04]} 3. e5 {[%clk 1:30:56]}  Nd5 {[%clk 1:31:29]} 4. d4 {[%clk 1:31:13]}  cxd4 {[%clk 1:31:06]} 5. cxd4 {[%clk 1:31:34]}  d6 {[%clk 1:27:58]} 6. Nf3 {[%clk 1:25:33]}  g6 {[%clk 1:27:58]} 7. Bc4 {[%clk 1:23:44]}  Nb6 {[%clk 1:14:00]} 8. Bb5+ {[%clk 1:23:10]}  Bd7 {[%clk 1:09:29]} 9. Bxd7+ {[%clk 1:23:24]}  Qxd7 {[%clk 1:08:18]} 10. O-O {[%clk 1:23:30]}  Bg7 {[%clk 1:05:13]} 11. Qe2 {[%clk 1:20:54]}  O-O {[%clk 1:03:19]} 12. Nc3 {[%clk 1:20:57]}  Nc6 {[%clk 1:03:19]} 13. Re1 {[%clk 1:15:10]}  Rac8 {[%clk 0:49:16]} 14. Bf4 {[%clk 1:14:18]}  Qf5 {[%clk 0:45:25]} 15. Bg3 {[%clk 1:12:32]}  d5 {[%clk 0:37:30]} 16. Rac1 {[%clk 1:08:23]}  g5 {[%clk 0:33:23]} 17. h3 {[%clk 1:07:36]}  a6 {[%clk 0:27:52]} 18. Rcd1 {[%clk 1:00:57]}  e6 {[%clk 0:27:05]} 19. Nh2 {[%clk 1:01:04]}  Ne7 {[%clk 0:20:45]} 20. Ng4 {[%clk 1:01:00]}  Qg6 {[%clk 0:18:04]} 21. f4 {[%clk 0:55:01]}  Nf5 {[%clk 0:17:44]} 22. Bh2 {[%clk 0:55:06]}  h5 {[%clk 0:17:40]} 23. Nf2 {[%clk 0:55:11]}  Nc4 {[%clk 0:16:37]} 24. Rd3 {[%clk 0:54:28]}  Bh6 {[%clk 0:14:56]} 25. fxg5 {[%clk 0:53:08]}  Qxg5 {[%clk 0:13:51]} 26. Kh1 {[%clk 0:39:33]}  Nce3 {[%clk 0:09:13]} 27. g4 {[%clk 0:33:53]}  h4 {[%clk 0:09:03]} 28. Rg1 {[%clk 0:22:26]}  Ne7 {[%clk 0:08:35]} 29. Re1 {[%clk 0:16:53]}  Nc4 {[%clk 0:07:55]} 30. Na4 {[%clk 0:13:53]}  Ng6 {[%clk 0:06:23]} 31. Nc3 {[%clk 0:12:34]}  Na5 {[%clk 0:05:29]} 32. Red1 {[%clk 0:12:23]}  Rc4 {[%clk 0:05:11]} 33. Qf3 {[%clk 0:10:22]}  Rfc8 {[%clk 0:04:33]} 34. Rg1 {[%clk 0:08:01]}  b5 {[%clk 0:04:15]} 35. b3 {[%clk 0:07:41]}  R4c7 {[%clk 0:04:31]} 36. b4 {[%clk 0:05:40]}  Nc4 {[%clk 0:03:58]} 37. Nfd1 {[%clk 0:05:04]}  Nd2 {[%clk 0:01:58]} 38. Qe2 {[%clk 0:04:50]}  Nc4 {[%clk 0:01:30]} 39. Rf1 {[%clk 0:03:37]}  Qc1 {[%clk 0:00:54]} 40. g5 {[%clk 0:02:52]}  Bg7 {[%clk 0:01:14]} 41. Ne3 {[%clk 0:02:37]}  Qb2 {[%clk 0:00:53]} 42. Nc2 {[%clk 0:01:35]}  Na3 {[%clk 0:00:44]} 43. Nxa3 {[%clk 0:27:22]}  Qxa3 {[%clk 0:23:25]} 44. Nxd5 {[%clk 0:27:33]}  Qa4 {[%clk 0:21:57]} 45. Nxc7 {[%clk 0:27:47]}  Rxc7 {[%clk 0:22:19]} 46. Rb3 {[%clk 0:28:01]}  a5 {[%clk 0:22:13]} 47. d5 {[%clk 0:28:22]}  axb4 {[%clk 0:21:15]} 48. d6 {[%clk 0:28:03]}  Rd7 {[%clk 0:20:42]} 49. Re1 {[%clk 0:27:21]}  Qa5 {[%clk 0:19:07]} 50. Qg2 {[%clk 0:27:32]}  Kh7 {[%clk 0:18:51]} 51. Re2 {[%clk 0:27:17]}  Qb6 {[%clk 0:17:19]} 52. Qe4 {[%clk 0:27:33]}  Kg8 {[%clk 0:15:44]} 53. Rxb4 {[%clk 0:27:10]}  Bf8 {[%clk 0:14:29]} 54. a4 {[%clk 0:26:56]}  Qa5 {[%clk 0:13:27]} 55. axb5 {[%clk 0:26:50]}  Qa1+ {[%clk 0:12:53]} 56. Rb1 {[%clk 0:27:03]}  Qc3 {[%clk 0:13:13]} 57. Re3 {[%clk 0:26:33]}  Qd2 {[%clk 0:13:13]} 58. b6 {[%clk 0:26:34]}  Rd8 {[%clk 0:10:48]} 59. b7 {[%clk 0:26:11]}  Rb8 {[%clk 0:10:58]} 60. Re2 {[%clk 0:26:15]}  Qc3 {[%clk 0:10:57]} 61. Rc2 {[%clk 0:26:06]}  Qxh3 {[%clk 0:11:12]} 62. Rc8 {[%clk 0:26:11]}  Rxb7 {[%clk 0:11:33]} 63. Qxb7 {[%clk 0:26:02]}  Nf4 {[%clk 0:11:21]} 64. g6 {[%clk 0:25:44]}  fxg6 {[%clk 0:06:58]} 65. d7 {[%clk 0:25:42]}  Nd5 {[%clk 0:07:12]} 66. Rxf8+ {[%clk 0:25:41]} 1-0

[Event "45th FIDE Chess Olympiad Open"]
[Site "Budapest, Hungary"]
[Date "2024.09.20"]
[Round "9"]
[White "Sandiford, Keron"]
[Black "Kanz, Ahmad Safy"]
[Result "0-1"]
[Board "267"]
[WhiteFideId "19701276"]
[BlackFideId "11700947"]
[BlackTitle "CM"]
[WhiteElo "1755"]
[BlackElo "1977"]
[WhiteTeam "Guyana"]
[BlackTeam "Afghanistan"]
[WhiteClock "0:23:11"]
[BlackClock "1:11:46"]
[Variant "Standard"]

1. e4 {[%clk 1:30:59]}  c5 {[%clk 1:30:16]} 2. Nc3 {[%clk 1:31:25]}  e6 {[%clk 1:28:10]} 3. g3 {[%clk 1:31:32]}  d5 {[%clk 1:28:31]} 4. exd5 {[%clk 1:31:55]}  exd5 {[%clk 1:28:48]} 5. d4 {[%clk 1:31:14]}  c4 {[%clk 1:24:37]} 6. Bg2 {[%clk 1:31:18]}  Bb4 {[%clk 1:24:59]} 7. Bd2 {[%clk 1:31:29]}  Nf6 {[%clk 1:25:13]} 8. Nf3 {[%clk 1:27:27]}  O-O {[%clk 1:25:23]} 9. O-O {[%clk 1:27:43]}  Nc6 {[%clk 1:25:40]} 10. Bg5 {[%clk 1:10:55]}  Be7 {[%clk 1:20:23]} 11. Re1 {[%clk 1:04:33]}  h6 {[%clk 1:20:23]} 12. Bxf6 {[%clk 0:54:04]}  Bxf6 {[%clk 1:20:46]} 13. Ne5 {[%clk 0:54:22]}  Be6 {[%clk 1:21:00]} 14. Nxc6 {[%clk 0:48:25]}  bxc6 {[%clk 1:21:21]} 15. Ne2 {[%clk 0:46:10]}  Qb6 {[%clk 1:19:27]} 16. Rb1 {[%clk 0:42:37]}  Rfe8 {[%clk 1:19:12]} 17. h3 {[%clk 0:42:36]}  Bf5 {[%clk 1:19:14]} 18. b4 {[%clk 0:40:00]}  Rad8 {[%clk 1:16:19]} 19. a3 {[%clk 0:36:54]}  Rd7 {[%clk 1:16:18]} 20. g4 {[%clk 0:29:53]}  Bh7 {[%clk 1:16:29]} 21. Qd2 {[%clk 0:29:43]}  Rde7 {[%clk 1:16:39]} 22. Ng3 {[%clk 0:28:51]}  Bxd4 {[%clk 1:15:24]} 23. Rxe7 {[%clk 0:27:36]}  Rxe7 {[%clk 1:14:16]} 24. Nf5 {[%clk 0:26:13]}  Bxf5 {[%clk 1:14:21]} 25. gxf5 {[%clk 0:26:27]}  a6 {[%clk 1:14:23]} 26. c3 {[%clk 0:26:43]}  Bf6 {[%clk 1:14:25]} 27. Re1 {[%clk 0:27:01]}  Qc7 {[%clk 1:14:28]} 28. Rxe7 {[%clk 0:25:08]}  Qxe7 {[%clk 1:14:47]} 29. Bxd5 {[%clk 0:25:19]}  cxd5 {[%clk 1:10:52]} 30. Qxd5 {[%clk 0:25:40]}  Qc7 {[%clk 1:11:16]} 31. Qa8+ {[%clk 0:24:23]}  Kh7 {[%clk 1:11:43]} 32. Qxa6 {[%clk 0:24:42]}  Bxc3 {[%clk 1:11:50]} 33. b5 {[%clk 0:24:25]}  Bd4 {[%clk 1:12:11]} 34. Qc6 {[%clk 0:23:11]}  Qg3+ {[%clk 1:11:46]} 0-1

[Event "45th FIDE Chess Olympiad Open"]
[Site "Budapest, Hungary"]
[Date "2024.09.20"]
[Round "9"]
[White "Abdul Khaliq, Wais"]
[Black "Pitamber, Sachin Dhilan"]
[Result "1-0"]
[Board "268"]
[WhiteFideId "11700467"]
[BlackFideId "19702566"]
[WhiteElo "1968"]
[BlackElo "1715"]
[WhiteTeam "Afghanistan"]
[BlackTeam "Guyana"]
[WhiteClock "0:22:01"]
[BlackClock "0:37:24"]
[Variant "Standard"]

1. d4 {[%clk 1:30:15]}  d5 {[%clk 1:30:34]} 2. c4 {[%clk 1:30:40]}  e6 {[%clk 1:30:57]} 3. Nc3 {[%clk 1:31:04]}  Nf6 {[%clk 1:31:19]} 4. Bg5 {[%clk 1:31:26]}  Bb4 {[%clk 1:31:22]} 5. e3 {[%clk 1:31:35]}  Nbd7 {[%clk 1:30:54]} 6. Nf3 {[%clk 1:27:48]}  O-O {[%clk 1:30:52]} 7. Bd3 {[%clk 1:27:55]}  dxc4 {[%clk 1:31:06]} 8. Bxc4 {[%clk 1:28:12]}  b6 {[%clk 1:28:59]} 9. O-O {[%clk 1:23:14]}  h6 {[%clk 1:28:05]} 10. Bh4 {[%clk 1:22:54]}  Bb7 {[%clk 1:26:30]} 11. Rc1 {[%clk 1:21:39]}  Be7 {[%clk 1:15:20]} 12. Qe2 {[%clk 1:20:02]}  Ne4 {[%clk 1:10:55]} 13. Bxe7 {[%clk 1:14:13]}  Qxe7 {[%clk 1:11:18]} 14. Ba6 {[%clk 1:12:37]}  Nxc3 {[%clk 1:06:56]} 15. Rxc3 {[%clk 1:12:52]}  Bxa6 {[%clk 1:07:16]} 16. Qxa6 {[%clk 1:13:09]}  c5 {[%clk 1:07:28]} 17. Rfc1 {[%clk 1:12:43]}  e5 {[%clk 1:00:42]} 18. Qb7 {[%clk 1:07:01]}  exd4 {[%clk 1:00:24]} 19. exd4 {[%clk 1:07:17]}  Rfb8 {[%clk 1:00:38]} 20. Qc7 {[%clk 1:04:12]}  Rc8 {[%clk 1:00:36]} 21. Qb7 {[%clk 0:57:41]}  Rcb8 {[%clk 1:00:47]} 22. Qa6 {[%clk 0:56:39]}  cxd4 {[%clk 0:57:09]} 23. Nxd4 {[%clk 0:51:12]}  Nc5 {[%clk 0:55:11]} 24. Qc4 {[%clk 0:48:50]}  Re8 {[%clk 0:47:56]} 25. h3 {[%clk 0:42:44]}  Ne4 {[%clk 0:45:15]} 26. Re3 {[%clk 0:35:42]}  Qc5 {[%clk 0:42:54]} 27. b4 {[%clk 0:33:57]}  Qxc4 {[%clk 0:42:29]} 28. Rxc4 {[%clk 0:34:25]}  Nd2 {[%clk 0:41:28]} 29. Rc7 {[%clk 0:33:41]}  Rec8 {[%clk 0:38:17]} 30. Ree7 {[%clk 0:29:39]}  Rxc7 {[%clk 0:38:42]} 31. Rxc7 {[%clk 0:30:06]}  Re8 {[%clk 0:38:51]} 32. g4 {[%clk 0:30:12]}  Re4 {[%clk 0:36:34]} 33. Nc6 {[%clk 0:29:07]}  a5 {[%clk 0:31:48]} 34. bxa5 {[%clk 0:26:45]}  bxa5 {[%clk 0:32:08]} 35. Ra7 {[%clk 0:22:17]}  a4 {[%clk 0:32:04]} 36. Ne7+ {[%clk 0:21:43]}  Kh7 {[%clk 0:28:35]} 37. Nd5 {[%clk 0:21:08]}  Kg6 {[%clk 0:20:49]} 38. Nc3 {[%clk 0:15:10]}  Rc4 {[%clk 0:20:54]} 39. Nxa4 {[%clk 0:14:58]}  Rc2 {[%clk 0:21:01]} 40. Nb6 {[%clk 0:14:19]}  f5 {[%clk 0:19:50]} 41. Nd5 {[%clk 0:13:50]}  fxg4 {[%clk 0:19:06]} 42. hxg4 {[%clk 0:14:19]}  h5 {[%clk 0:17:31]} 43. gxh5+ {[%clk 0:13:04]}  Kxh5 {[%clk 0:17:51]} 44. a4 {[%clk 0:12:28]}  g5 {[%clk 0:16:24]} 45. Nf6+ {[%clk 0:12:23]}  Kg6 {[%clk 0:16:19]} 46. Ng4 {[%clk 0:12:45]}  Nf3+ {[%clk 0:14:44]} 47. Kg2 {[%clk 0:09:09]}  Nh4+ {[%clk 0:14:54]} 48. Kf1 {[%clk 0:09:08]}  Ra2 {[%clk 0:14:54]} 49. a5 {[%clk 0:08:07]}  Kf5 {[%clk 0:14:48]} 50. Ne3+ {[%clk 0:08:05]}  Ke4 {[%clk 0:14:43]} 51. a6 {[%clk 0:07:31]}  Ra1+ {[%clk 0:14:05]} 52. Ke2 {[%clk 0:07:59]}  Ra2+ {[%clk 0:14:02]} 53. Kd1 {[%clk 0:03:34]}  Rxf2 {[%clk 0:14:18]} 54. Re7+ {[%clk 0:02:58]}  Kd3 {[%clk 0:11:29]} 55. a7 {[%clk 0:00:46]}  Rd2+ {[%clk 0:11:43]} 56. Kc1 {[%clk 0:00:51]}  Ra2 {[%clk 0:11:42]} 57. Nd5 {[%clk 0:00:34]}  Rc2+ {[%clk 0:10:22]} 58. Kb1 {[%clk 0:00:50]}  Rc8 {[%clk 0:10:36]} 59. Nb6 {[%clk 0:30:14]}  Rg8 {[%clk 0:41:01]} 60. Rb7 {[%clk 0:29:57]}  g4 {[%clk 0:40:05]} 61. Rb8 {[%clk 0:30:06]}  Rxb8 {[%clk 0:40:21]} 62. axb8=Q {[%clk 0:30:06]}  Nf5 {[%clk 0:40:21]} 63. Qf4 {[%clk 0:29:05]}  Ne3 {[%clk 0:38:16]} 64. Nd7 {[%clk 0:28:47]}  Ke2 {[%clk 0:38:27]} 65. Ne5 {[%clk 0:21:44]}  g3 {[%clk 0:37:24]} 66. Qxg3 {[%clk 0:22:01]} 1-0

[Event "45th FIDE Chess Olympiad Open"]
[Site "Budapest, Hungary"]
[Date "2024.09.20"]
[Round "9"]
[White "Asante Debesai Zerabruk"]
[Black "Cogan, Nicolas"]
[Result "0-1"]
[Board "269"]
[WhiteFideId "15701310"]
[BlackFideId "679356"]
[WhiteElo "1908"]
[BlackElo "2112"]
[WhiteTeam "Eritrea"]
[BlackTeam "Cote d’Ivoire"]
[WhiteClock "0:00:56"]
[BlackClock "0:05:11"]
[Variant "Standard"]

1. e4 {[%clk 1:30:58]}  c5 {[%clk 1:30:54]} 2. Nf3 {[%clk 1:31:17]}  Nc6 {[%clk 1:31:17]} 3. Bb5 {[%clk 1:31:44]}  Nf6 {[%clk 1:31:35]} 4. Nc3 {[%clk 1:30:40]}  Qc7 {[%clk 1:30:38]} 5. O-O {[%clk 1:31:00]}  Nd4 {[%clk 1:30:03]} 6. Bc4 {[%clk 1:18:32]}  e6 {[%clk 1:26:48]} 7. Re1 {[%clk 1:18:31]}  Ng4 {[%clk 1:22:19]} 8. g3 {[%clk 1:17:55]}  Nxf3+ {[%clk 1:19:36]} 9. Qxf3 {[%clk 1:18:09]}  Ne5 {[%clk 1:19:57]} 10. Qe2 {[%clk 1:18:25]}  a6 {[%clk 1:09:45]} 11. a4 {[%clk 1:16:13]}  b6 {[%clk 1:05:19]} 12. Ba2 {[%clk 1:11:26]}  Be7 {[%clk 0:59:12]} 13. d3 {[%clk 1:01:14]}  Bb7 {[%clk 0:50:54]} 14. Nd1 {[%clk 0:56:07]}  h5 {[%clk 0:45:23]} 15. f4 {[%clk 0:29:14]}  Nc6 {[%clk 0:44:40]} 16. c3 {[%clk 0:27:10]}  h4 {[%clk 0:43:14]} 17. g4 {[%clk 0:25:31]}  h3 {[%clk 0:43:13]} 18. Be3 {[%clk 0:25:06]}  Bd6 {[%clk 0:34:11]} 19. Qf2 {[%clk 0:22:12]}  g5 {[%clk 0:26:06]} 20. e5 {[%clk 0:18:03]}  Bxe5 {[%clk 0:22:24]} 21. fxe5 {[%clk 0:03:46]}  Nxe5 {[%clk 0:22:28]} 22. Qf6 {[%clk 0:02:44]}  Rh4 {[%clk 0:10:08]} 23. Nf2 {[%clk 0:01:33]}  Nxg4 {[%clk 0:06:00]} 24. Bxg5 {[%clk 0:00:43]}  Qxh2+ {[%clk 0:04:55]} 25. Kf1 {[%clk 0:00:56]}  Nxf6 {[%clk 0:05:11]} 0-1

[Event "45th FIDE Chess Olympiad Open"]
[Site "Budapest, Hungary"]
[Date "2024.09.20"]
[Round "9"]
[White "Lilay Weldu Gebru"]
[Black "Manan, Yoboue Hermann"]
[Result "0-1"]
[Board "271"]
[WhiteFideId "15701352"]
[BlackFideId "20800061"]
[BlackTitle "CM"]
[WhiteElo "1977"]
[BlackElo "2030"]
[WhiteTeam "Eritrea"]
[BlackTeam "Cote d’Ivoire"]
[WhiteClock "0:27:37"]
[BlackClock "0:39:26"]
[Variant "Standard"]

1. e4 {[%clk 1:30:44]}  e5 {[%clk 1:30:51]} 2. Nf3 {[%clk 1:31:04]}  Nc6 {[%clk 1:31:15]} 3. Bb5 {[%clk 1:31:01]}  a6 {[%clk 1:31:25]} 4. Ba4 {[%clk 1:31:14]}  Nf6 {[%clk 1:31:36]} 5. O-O {[%clk 1:31:19]}  d6 {[%clk 1:31:34]} 6. d3 {[%clk 1:31:12]}  g6 {[%clk 1:31:36]} 7. c3 {[%clk 1:31:18]}  Bg7 {[%clk 1:31:40]} 8. Re1 {[%clk 1:31:09]}  O-O {[%clk 1:31:46]} 9. Nbd2 {[%clk 1:30:06]}  Bd7 {[%clk 1:31:04]} 10. Nf1 {[%clk 1:30:01]}  Re8 {[%clk 1:30:33]} 11. h3 {[%clk 1:21:19]}  Na5 {[%clk 1:30:03]} 12. Bc2 {[%clk 1:21:16]}  c5 {[%clk 1:29:45]} 13. Be3 {[%clk 1:20:23]}  b5 {[%clk 1:25:18]} 14. Qd2 {[%clk 1:14:08]}  Qc7 {[%clk 1:21:14]} 15. b4 {[%clk 1:05:31]}  Nb7 {[%clk 1:21:02]} 16. Bg5 {[%clk 1:02:03]}  Bc6 {[%clk 1:17:38]} 17. Ne3 {[%clk 0:55:14]}  Nd8 {[%clk 1:11:09]} 18. Bb3 {[%clk 0:41:55]}  Ne6 {[%clk 1:09:22]} 19. a3 {[%clk 0:36:08]}  Nh5 {[%clk 1:05:22]} 20. Ng4 {[%clk 0:30:58]}  f6 {[%clk 0:56:33]} 21. Bh6 {[%clk 0:25:00]}  Kh8 {[%clk 0:54:58]} 22. Nh4 {[%clk 0:23:51]}  Rad8 {[%clk 0:48:18]} 23. Bd5 {[%clk 0:20:29]}  Bxd5 {[%clk 0:47:08]} 24. exd5 {[%clk 0:20:55]}  Nef4 {[%clk 0:46:41]} 25. c4 {[%clk 0:20:01]}  bxc4 {[%clk 0:44:11]} 26. dxc4 {[%clk 0:20:21]}  cxb4 {[%clk 0:44:06]} 27. Qxb4 {[%clk 0:19:06]}  Bxh6 {[%clk 0:42:32]} 28. Nxh6 {[%clk 0:19:01]}  Kg7 {[%clk 0:41:30]} 29. Ng4 {[%clk 0:18:44]}  Nd3 {[%clk 0:38:16]} 30. Qd2 {[%clk 0:17:14]}  Nxe1 {[%clk 0:38:01]} 31. Qh6+ {[%clk 0:16:36]}  Kg8 {[%clk 0:37:49]} 32. Rxe1 {[%clk 0:16:41]}  Qg7 {[%clk 0:37:48]} 33. Qd2 {[%clk 0:16:25]}  Nf4 {[%clk 0:35:20]} 34. Kh2 {[%clk 0:15:27]}  f5 {[%clk 0:32:08]} 35. Ne3 {[%clk 0:15:04]}  Qf6 {[%clk 0:29:16]} 36. g3 {[%clk 0:14:26]}  Nh5 {[%clk 0:29:19]} 37. Qa5 {[%clk 0:09:52]}  Rf8 {[%clk 0:19:10]} 38. Re2 {[%clk 0:06:18]}  f4 {[%clk 0:18:55]} 39. Ng4 {[%clk 0:06:01]}  Qg5 {[%clk 0:18:52]} 40. c5 {[%clk 0:02:58]}  fxg3+ {[%clk 0:18:31]} 41. fxg3 {[%clk 0:03:22]}  Nxg3 {[%clk 0:18:00]} 42. Rg2 {[%clk 0:01:33]}  Nf1+ {[%clk 0:18:03]} 43. Kh1 {[%clk 0:01:30]}  Qxh4 {[%clk 0:18:20]} 44. Kg1 {[%clk 0:01:21]}  Ng3 {[%clk 0:10:32]} 45. Nf2 {[%clk 0:29:58]}  Ne2+ {[%clk 0:40:08]} 46. Kf1 {[%clk 0:29:42]}  Qxh3 {[%clk 0:39:36]} 47. Qxd8 {[%clk 0:27:21]}  Qh1+ {[%clk 0:39:52]} 48. Kxe2 {[%clk 0:27:32]}  Qxg2 {[%clk 0:40:13]} 49. Qh4 {[%clk 0:27:37]}  g5 {[%clk 0:39:26]} 0-1

[Event "45th FIDE Chess Olympiad Open"]
[Site "Budapest, Hungary"]
[Date "2024.09.20"]
[Round "9"]
[White "Nean, Franck Anderson"]
[Black "Samuel Merhawi Gebrehiwet"]
[Result "1-0"]
[Board "272"]
[WhiteFideId "20802617"]
[BlackFideId "15701204"]
[WhiteElo "1917"]
[BlackElo "1788"]
[WhiteTeam "Cote d’Ivoire"]
[BlackTeam "Eritrea"]
[WhiteClock "0:17:51"]
[BlackClock "0:53:15"]
[Variant "Standard"]

1. d4 {[%clk 1:30:45]}  Nf6 {[%clk 1:30:45]} 2. c4 {[%clk 1:30:47]}  g6 {[%clk 1:30:44]} 3. Nc3 {[%clk 1:30:51]}  Bg7 {[%clk 1:30:58]} 4. e4 {[%clk 1:31:12]}  d6 {[%clk 1:31:22]} 5. Be2 {[%clk 1:31:31]}  Nbd7 {[%clk 1:31:35]} 6. Be3 {[%clk 1:31:42]}  e5 {[%clk 1:31:45]} 7. d5 {[%clk 1:31:48]}  a5 {[%clk 1:31:31]} 8. g4 {[%clk 1:31:00]}  h6 {[%clk 1:30:37]} 9. h4 {[%clk 1:31:03]}  h5 {[%clk 1:30:12]} 10. g5 {[%clk 1:31:07]}  Ng8 {[%clk 1:30:30]} 11. Nh3 {[%clk 1:30:27]}  b6 {[%clk 1:27:16]} 12. a3 {[%clk 1:30:29]}  Ne7 {[%clk 1:26:08]} 13. b4 {[%clk 1:28:56]}  f5 {[%clk 1:23:02]} 14. gxf6 {[%clk 1:28:58]}  Nxf6 {[%clk 1:23:16]} 15. Ng5 {[%clk 1:28:27]}  Ng4 {[%clk 1:23:35]} 16. Bd2 {[%clk 1:27:42]}  O-O {[%clk 1:23:34]} 17. f3 {[%clk 1:28:00]}  Nh6 {[%clk 1:22:31]} 18. Rg1 {[%clk 1:27:15]}  Bd7 {[%clk 1:19:41]} 19. Be3 {[%clk 1:25:33]}  Nf7 {[%clk 1:19:11]} 20. Ne6 {[%clk 1:20:35]}  Bxe6 {[%clk 1:19:30]} 21. dxe6 {[%clk 1:20:59]}  Nh6 {[%clk 1:19:51]} 22. bxa5 {[%clk 1:20:56]}  Rxa5 {[%clk 1:20:03]} 23. Bg5 {[%clk 1:18:55]}  Kh7 {[%clk 1:19:30]} 24. Nd5 {[%clk 1:18:56]}  Nhg8 {[%clk 1:19:52]} 25. Qd2 {[%clk 1:13:32]}  Nf6 {[%clk 1:18:37]} 26. Ra2 {[%clk 1:10:51]}  c6 {[%clk 1:18:30]} 27. Nb4 {[%clk 1:08:35]}  Qc7 {[%clk 1:12:22]} 28. Bf1 {[%clk 1:02:02]}  Rd8 {[%clk 1:11:27]} 29. Qg2 {[%clk 1:00:43]}  Qc8 {[%clk 1:08:34]} 30. Be3 {[%clk 0:59:12]}  Qc7 {[%clk 1:05:49]} 31. Qf2 {[%clk 0:58:20]}  Rb8 {[%clk 1:04:05]} 32. a4 {[%clk 0:56:06]}  d5 {[%clk 1:04:11]} 33. cxd5 {[%clk 0:51:40]}  cxd5 {[%clk 1:02:46]} 34. Na6 {[%clk 0:49:18]}  Qc3+ {[%clk 1:01:51]} 35. Bd2 {[%clk 0:49:25]}  Qb3 {[%clk 1:02:08]} 36. Ra1 {[%clk 0:45:30]}  Rc8 {[%clk 1:02:00]} 37. Bb5 {[%clk 0:34:46]}  d4 {[%clk 0:58:13]} 38. Rc1 {[%clk 0:30:36]}  Rc2 {[%clk 0:57:03]} 39. Rxc2 {[%clk 0:29:07]}  Rxb5 {[%clk 0:54:33]} 40. axb5 {[%clk 0:28:43]}  Qxc2 {[%clk 0:54:54]} 41. Nb4 {[%clk 0:28:10]}  Qb3 {[%clk 0:54:44]} 42. Kf1 {[%clk 0:25:30]}  Qxe6 {[%clk 0:54:55]} 43. Kg2 {[%clk 0:25:25]}  Qc4 {[%clk 0:54:49]} 44. Qf1 {[%clk 0:25:30]}  Qe6 {[%clk 0:54:15]} 45. Qd3 {[%clk 0:25:32]}  Bh6 {[%clk 0:53:30]} 46. Bxh6 {[%clk 0:24:40]}  Kxh6 {[%clk 0:53:58]} 47. Rc1 {[%clk 0:24:44]}  Nd7 {[%clk 0:52:01]} 48. Qc4 {[%clk 0:20:07]}  Qf6 {[%clk 0:52:03]} 49. Rh1 {[%clk 0:20:20]}  Qf4 {[%clk 0:52:00]} 50. Qc1 {[%clk 0:20:37]}  Qxc1 {[%clk 0:51:42]} 51. Rxc1 {[%clk 0:21:00]}  Nc5 {[%clk 0:52:05]} 52. Nc6 {[%clk 0:18:51]}  Nd3 {[%clk 0:52:16]} 53. Rd1 {[%clk 0:18:50]}  Nb2 {[%clk 0:52:42]} 54. Rb1 {[%clk 0:18:56]}  Nc4 {[%clk 0:52:02]} 55. Nxe7 {[%clk 0:18:43]}  d3 {[%clk 0:52:23]} 56. Kf2 {[%clk 0:18:25]}  g5 {[%clk 0:52:42]} 57. Nf5+ {[%clk 0:17:51]}  Kg6 {[%clk 0:53:03]} 58. Rg1 {[%clk 0:18:10]}  Nb2 {[%clk 0:52:38]} 59. Rxg5+ {[%clk 0:18:03]}  Kf6 {[%clk 0:53:02]} 60. Ne3 {[%clk 0:18:05]}  d2 {[%clk 0:53:15]} 61. Ke2 {[%clk 0:17:51]} 1-0